00815nam a22002537a 45000010005000000030006000050050017000110080041000280200018000690400029000870500016001160820008001321000014001402450063001542500037002172600055002543000060003095050008003695200090003775210020004675210020004876500021005077000033005287049FISKH20250827142006.0250619b cb ||||| |||| 00| 0 eng d a9780152018917 aFISKHbengcFISKHdFISKH aPZ7.F8373 T a823 aFox , Mem aTough Boris /cBy Mem Fox : Illustrated by Kathryn Brown  aFirst Vovager Book Edition 1998  aOrlando :bVoyager Books Harciyrt , Inc. , c1994. a32 unnumbered pages : bcolor illustrations ;c26 cm .  aE  aAlthough he is a very tough pirate, Boris von der Borch cries when his parrots dies. 8 a260 bLexile 8 aE bRaz-Plus  aPiratesvFiction aBrown, KathryneIllustrator